| 000 | 00513nam a2200193Ia 4500 | ||
|---|---|---|---|
| 005 | 20250508161914.0 | ||
| 008 | 008 250505s9999 xx 000 0 hin d | ||
| 037 | _aTextual | ||
| 040 |
_aFEDL _beng _cFEDL |
||
| 041 |
_ahin _2hin |
||
| 084 |
_a330.7, SAT _qFEDL |
||
| 100 |
_aSatsangi J.D. _9771782 |
||
| 245 | 0 | _aArthsastra shikshan | |
| 260 |
_aAgra, India _bVinod Pustak Mandir _c1977 |
||
| 300 | _a127p. | ||
| 650 | _aEconomics | ||
| 942 |
_cTEXL _h330.7, SAT |
||
| 999 |
_c1373098 _d1373098 |
||